| 000 | 00507nam a22001817a 4500 | ||
|---|---|---|---|
| 003 | OSt | ||
| 005 | 20250620103212.0 | ||
| 008 | 250620b |||||||| |||| 00| 0 eng d | ||
| 020 | _a9788171302314 | ||
| 040 | _cSBCL | ||
| 082 |
_a894.8123 _bMUK-M |
||
| 100 | _aM.Mukundan | ||
| 245 | _aMayyazhippuzhayude Theeragalil | ||
| 260 |
_aKottayam _bDC Books _c1992 |
||
| 300 | _a304p. | ||
| 650 |
_2Literature & rhetoric _aLiteratures of other languages _vAltaic, Uralic, Hyperborean & Dravidian |
||
| 942 | _cBOOK | ||
| 999 |
_c137086 _d137086 |
||